Statystyki dla Sceny Otwierające z Kultowych Polskich Komedii

Kliknij tutaj aby rozwiązać quiz!

Ogólne statystyki

  • Ten quiz został rozwiązany 269 razy
    (66 od ostatniego zresetowania)
  • Średni wynik to 6 z 12

Statystyki odpowiedzi

ScenaFilm% Poprawnych
Mężczyzna zostaje obudzony nad ranem hałasem młota pneumatycznegoDzień świra
80%
Komisarz policji udziela wywiadu w sprawie zabójstwa przy użyciu broni snajperskiejKiler
78%
Prowadzący program dla dzieci, przebrany za jeża, zostaje rozjechany przez samochódChłopaki nie płaczą
60%
Robotnicy, na zlecenie policji, ustawiają tekturowe domy mające imitować osiedleMiś
60%
Pasażerowie wchodzą na statek przycumowany na brzegu rzekiRejs
57%
Żołnierze wysłani na polską granicę opuszczają pociąg, poza jednymJak rozpętałem drugą wojnę światową
55%
Gangsterzy wrzucają związanego mężczyznę do klatki z lwami w zooPoranek kojota
55%
Mężczyzna biegnie przez cmentarz, przebierając się, by zdążyć na odprawiany pogrzebKariera Nikosia Dyzmy
48%
Biznesmen rozmawia z kominiarzem przed dokonaniem skoku z wieżowcaPieniądze to nie wszystko
40%
Kobieta mdleje po zaliczonym egzaminie wstępnym na uczelniKogel-mogel
38%
Mężczyzna ogląda biżuterię u jubilera, po czym wraz ze wspólnikiem dokonują napaduVabank
37%
Naukowiec zostaje zaatakowany przez mężczyzn w czerwonych czapkachKingsajz
30%

Rozkład punktacji

Percentyl według liczby udzielonych odpowiedzi

Procent ludzi z każdym wynikiem

Twoja historia wyników

Nie rozwiązałeś tego quizu od ostatniego zresetowania